Piłkarze Reprezentacji Gwinei - nagła śmierć - Statystyki

Ogólne statystyki
  • Ten quiz został rozwiązany 7 razy
  • Średni wynik to 2 z 12
Answers on the Grid
Answers color-coded by a green-red scale on the quiz's grid according to % correct below.
Kévin Constant
André Biyogo Poko
Keita Baldé
Naby Keïta
Sory Kaba
Ibrahim Sangaré
Amadou Diawara
Mohamed Bayo
Hamed Junior Traorè
M'Baye Niang
Florentin Pogba
Serhou Guirassy
Moses Simon
Issiaga Sylla
François Kamano
Diafra Sakho
Mouctar Diakhaby
Dango Ouattara
Morgan Guilavogui
Ilaix Moriba
 
Statystyki odpowiedzi
Odpowiedź % Poprawnych
Serhou Guirassy
67%
Florentin Pogba
50%
Ilaix Moriba
33%
Kévin Constant
17%
Morgan Guilavogui
17%
Naby Keïta
17%
Amadou Diawara
0%
François Kamano
0%
Issiaga Sylla
0%
Mohamed Bayo
0%
Mouctar Diakhaby
0%
Sory Kaba
0%
Nie znaleziono quizów pasujących do podanych kryteriów
Rozkład punktacji
Procent ludzi z każdym wynikiem
Percentyl według liczby udzielonych odpowiedzi
Twoja historia wyników
Nie rozwiązałeś tego quizu